000 00401nam a2200157Ia 4500
008 221030s9999 xx 000 0 und d
020 _a8175152575
041 _aEnglish
100 _aE. Horowitz
245 0 _aFundamentals of Computer Algorithms
_cby E. Horowitz, S. Sahni
260 _bGalgotia Pub
_aNew Delhi
_c2015
300 _a769
650 _aComputers
700 _aS. Sahni
942 _cBK
999 _c15846
_d15846